000
00309nam a22001337a 4500
020
_a
9780198070924
082
_a
030
_b
OXF/P
100
_a
OXFORD
245
_a
THE OXFORD DICTIONARY OF PROVERBS
260
_a
DELHI
_b
OXFORD UNIVERSITY PRESS
_c
2011
300
_a
375
650
_a
DICTIONARY
_z
INDIA
942
_c
BK
999
_c
1741
_d
1741